000 00560nam a2200181Ia 4500
008 090122s9999 xx 000 0 und d
082 _b11050
100 _aनायक
_bशि
_c
245 _aजीवनावर प्रेम माझे
260 _bआकाश
_c1997
300 _a80
501 _a"धामणस्कर, भेट"
600 _aनायक
630 _aजीवनावर प्रेम माझे
700 _aनायक
730 _aजीवनावर प्रेम माझे
942 _cBOOK
999 _c35127
_d35127